[Event "POL-ch U20 Girls"]
[Site "Brzeg Dolny"]
[Date "2001.02.10"]
[Round "4"]
[White "Szymanowska, Karolina"]
[Black "Jakubiec, Edyta"]
[Result "0-1"]
[WhiteElo "2130"]
[BlackElo "2244"]
[PlyCount "98"]
[EventDate "2001.02.07"]
[EventType "tourn"]
[EventRounds "11"]
[EventCountry "POL"]
[SourceTitle "EXT 2002"]
[Source "ChessBase"]
[SourceDate "2001.11.25"]
[SourceVersion "1"]
[SourceVersionDate "2001.11.25"]
[SourceQuality "1"]

1. e4 e5 2. Nf3 Nc6 3. d4 exd4 4. Nxd4 Bc5 5. Be3 Qf6 6. c3 Nge7 7. Bc4 0-0 8. 0-0 Qg6 9. Nd2 Bxd4 10. cxd4 d5 11. exd5 Nb4 12. Qb3 Bh3 13. g3 Bxf1 14. Rxf1 Qb6 15. a3 Na6 16. Qc2 Rad8 17. Qe4 Rfe8 18. Qf3 Qf6 19. Qg2 Qd6 20. Ne4 Qd7 21. Nc3 Nb8 22. Bf4 a6 23. b4 b5 24. Ba2 Ng6 25. Bg5 Rc8 26. Qf3 h6 27. Be3 Qe7 28. Qh5 Qf6 29. d6 Qxd6 30. Bf4 Nxf4 31. Bxf7+ Kh8 32. gxf4 Re7 33. f5 Rf8 34. Bg6 Qxd4 35. Ne2 Qe5 36. Ng3 Nc6 37. Qf3 Nd4 38. Qd3 Ne2+ 39. Nxe2 Qxe2 40. Qd4 Re4 41. Qd1 Qc4 42. h3 Rd4 43. Qe1 Rfd8 44. f6 Qc6 45. fxg7+ Kxg7 46. Bf5 Qf6 47. Bg4 h5 48. Bxh5 Qg5+ 49. Bg4 Rxg4+ 0-1

[Event "POL-chT2 South U19"]
[Site "Rudnik"]
[Date "2000.??.??"]
[Round "10.5"]
[White "Olender, Joanna"]
[Black "Szymanowska, Karolina"]
[Result "0-1"]
[WhiteElo "1800"]
[BlackElo "2102"]
[PlyCount "58"]
[EventDate "2000.07.20"]
[EventType "team-swiss"]
[EventRounds "10"]
[EventCountry "POL"]
[SourceTitle "EXT 2005"]
[Source "ChessBase"]
[SourceDate "2004.11.15"]
[SourceVersion "1"]
[SourceVersionDate "2004.11.15"]
[SourceQuality "1"]
[WhiteTeam "Czarna Czarnovia U19"]
[BlackTeam "Jasien LKS ZPD U19"]
[WhiteTeamCountry "POL"]
[BlackTeamCountry "POL"]

1. f4 e5 2. e4 exf4 3. Nf3 Be7 4. Bc4 Nf6 5. Nc3 Nxe4 6. Nxe4 d5 7. Bxd5 Qxd5 8. d3 g5 9. Qe2 Be6 10. b3 g4 11. Nfd2 Bh4+ 12. Kd1 Nc6 13. Bb2 Nd4 14. Qf1 f3 15. c3 Nf5 16. Kc1 Ne3 17. c4 Qf5 18. Bxh8 Nxf1 19. Rxf1 0-0-0 20. g3 Rxh8 21. gxh4 Qe5 22. Kc2 Qxh2 23. Rh1 Qf4 24. Raf1 Rd8 25. Nf2 Bf5 26. Nde4 g3 27. Nh3 Bxh3 28. Rxh3 g2 29. Rfxf3 Qxf3 0-1

[Event "POL-chT2 South U19"]
[Site "Rudnik"]
[Date "2000.??.??"]
[Round "2.5"]
[White "Slezak, Agnieszka"]
[Black "Szymanowska, Karolina"]
[Result "0-1"]
[WhiteElo "1800"]
[BlackElo "2102"]
[PlyCount "83"]
[EventDate "2000.07.20"]
[EventType "team-swiss"]
[EventRounds "10"]
[EventCountry "POL"]
[SourceTitle "EXT 2005"]
[Source "ChessBase"]
[SourceDate "2004.11.15"]
[SourceVersion "1"]
[SourceVersionDate "2004.11.15"]
[SourceQuality "1"]
[WhiteTeam "Klodzko Sudety U19"]
[BlackTeam "Jasien LKS ZPD U19"]
[WhiteTeamCountry "POL"]
[BlackTeamCountry "POL"]

1. e4 c5 2. Nc3 e6 3. g3 Nc6 4. Bg2 g6 5. Nge2 Bg7 6. d3 Nge7 7. 0-0 0-0 8. f4 d6 9. Be3 Nd4 10. g4 f5 11. g5 Rb8 12. Ng3 b5 13. Qd2 b4 14. Nd1 a5 15. c3 Ndc6 16. Rc1 Qb6 17. Bf3 a4 18. h4 Qa5 19. Rf2 Ba6 20. c4 Nd4 21. Bh1 Rfd8 22. Rh2 d5 23. cxd5 exd5 24. e5 Nec6 25. Nf2 c4 26. dxc4 dxc4 27. Qe1 a3 28. bxa3 Qxa3 29. Nd1 c3 30. Bxc6 Nxc6 31. Qf2 Bd3 32. Qg2 Na5 33. Nf2 Nc4 34. Qf3 c2 35. Nf1 Qxa2 36. Nxd3 b3 37. Nd2 Rxd3 38. Nxc4 b2 39. Nxb2 Rxb2 40. Qe2 Rd1+ 41. Kg2 Bf8 42. Kg3 0-1

[Event "POL-chT2 South U19"]
[Site "Rudnik"]
[Date "2000.??.??"]
[Round "9.5"]
[White "Szymanowska, Karolina"]
[Black "Chlost, Marlena"]
[Result "1-0"]
[WhiteElo "2102"]
[BlackElo "1800"]
[PlyCount "89"]
[EventDate "2000.07.20"]
[EventType "team-swiss"]
[EventRounds "10"]
[EventCountry "POL"]
[SourceTitle "EXT 2005"]
[Source "ChessBase"]
[SourceDate "2004.11.15"]
[SourceVersion "1"]
[SourceVersionDate "2004.11.15"]
[SourceQuality "1"]
[WhiteTeam "Jasien LKS ZPD U19"]
[BlackTeam "Gliwice Carbo U19"]
[WhiteTeamCountry "POL"]
[BlackTeamCountry "POL"]

1. e4 c5 2. Nf3 Nc6 3. d4 cxd4 4. Nxd4 Nf6 5. Nc3 e5 6. Ndb5 d6 7. Bg5 a6 8. Na3 b5 9. Nd5 Be7 10. Bxf6 Bxf6 11. c3 0-0 12. Nc2 Bg5 13. a4 bxa4 14. Rxa4 a5 15. Bc4 Rb8 16. b3 Kh8 17. 0-0 f5 18. exf5 Bxf5 19. Nce3 Be6 20. Qc2 Bxe3 21. Nxe3 Bxc4 22. Nxc4 d5 23. Rd1 Qf6 24. Nxa5 Nxa5 25. Rxa5 Rxb3 26. Raxd5 Rxc3 27. Qe2 e4 28. R5d4 Ra3 29. Rxe4 Ra1 30. Rxa1 Qxa1+ 31. Qe1 Qxe1+ 32. Rxe1 Kg8 33. Re7 Rf7 34. Re8+ Rf8 35. Rxf8+ Kxf8 36. f4 Kf7 37. Kf2 Kf6 38. g4 g6 39. Kf3 h6 40. Ke4 Ke6 41. h3 Kf6 42. Kd5 h5 43. Kd6 h4 44. Kd7 Kf7 45. g5 1-0

[Event "POL-chT2 South U19"]
[Site "Rudnik"]
[Date "2000.??.??"]
[Round "5.5"]
[White "Szymanowska, Karolina"]
[Black "Chmielinska, Alicja"]
[Result "1/2-1/2"]
[WhiteElo "2102"]
[BlackElo "2092"]
[PlyCount "43"]
[EventDate "2000.07.20"]
[EventType "team-swiss"]
[EventRounds "10"]
[EventCountry "POL"]
[SourceTitle "EXT 2005"]
[Source "ChessBase"]
[SourceDate "2004.11.15"]
[SourceVersion "1"]
[SourceVersionDate "2004.11.15"]
[SourceQuality "1"]
[WhiteTeam "Jasien LKS ZPD U19"]
[BlackTeam "Rybnik MKSz U19 II"]
[WhiteTeamCountry "POL"]
[BlackTeamCountry "POL"]

1. e4 e5 2. Nf3 Nc6 3. Bb5 a6 4. Ba4 Nf6 5. d4 Be7 6. d5 Na7 7. Nxe5 b5 8. Bb3 d6 9. Nc6 Nxc6 10. dxc6 0-0 11. Bd5 Nxd5 12. exd5 Bg5 13. 0-0 Bxc1 14. Qxc1 Qf6 15. c3 Bf5 16. Re1 Rfe8 17. Nd2 Re5 18. Rxe5 Qxe5 19. c4 bxc4 20. Nxc4 Qxd5 21. Ne3 Qe5 22. Nxf5 1/2-1/2

[Event "POL-chT2 South U19"]
[Site "Rudnik"]
[Date "2000.??.??"]
[Round "3.5"]
[White "Szymanowska, Karolina"]
[Black "Gorczyca, Aleksandra"]
[Result "0-1"]
[WhiteElo "2102"]
[BlackElo "1900"]
[PlyCount "66"]
[EventDate "2000.07.20"]
[EventType "team-swiss"]
[EventRounds "10"]
[EventCountry "POL"]
[SourceTitle "EXT 2005"]
[Source "ChessBase"]
[SourceDate "2004.11.15"]
[SourceVersion "1"]
[SourceVersionDate "2004.11.15"]
[SourceQuality "1"]
[WhiteTeam "Jasien LKS ZPD U19"]
[BlackTeam "Zabrze Budosak U19"]
[WhiteTeamCountry "POL"]
[BlackTeamCountry "POL"]

1. e4 d6 2. d4 Nf6 3. Nc3 Nbd7 4. Nf3 e5 5. Bc4 Be7 6. 0-0 0-0 7. Re1 c6 8. a4 exd4 9. Nxd4 Ne5 10. Be2 d5 11. f4 Ng6 12. e5 Ne4 13. Nxe4 dxe4 14. Be3 Bc5 15. c3 a5 16. Qc2 Qb6 17. Qxe4 Be6 18. Qc2 Nxf4 19. Bxf4 Bxd4+ 20. Kh1 Bf2 21. Rf1 Bh4 22. Bd3 h6 23. Qe2 Rfd8 24. Qe4 g6 25. Bxh6 Be7 26. Rxf7 Bxf7 27. e6 Be8 28. Qe5 Bf8 29. Bxf8 Kxf8 30. e7+ Kg8 31. Rf1 Bf7 32. Rxf7 Kxf7 33. Bc4+ Rd5 0-1

[Event "POL-chT2 South U19"]
[Site "Rudnik"]
[Date "2000.??.??"]
[Round "7.5"]
[White "Szymanowska, Karolina"]
[Black "Kupczyk, Edyta"]
[Result "1/2-1/2"]
[WhiteElo "2102"]
[BlackElo "2000"]
[PlyCount "45"]
[EventDate "2000.07.20"]
[EventType "team-swiss"]
[EventRounds "10"]
[EventCountry "POL"]
[SourceTitle "EXT 2005"]
[Source "ChessBase"]
[SourceDate "2004.11.15"]
[SourceVersion "1"]
[SourceVersionDate "2004.11.15"]
[SourceQuality "1"]
[WhiteTeam "Jasien LKS ZPD U19"]
[BlackTeam "Olkusz Czarny Kon U19"]
[WhiteTeamCountry "POL"]
[BlackTeamCountry "POL"]

1. e4 c5 2. Nf3 Nc6 3. d4 cxd4 4. Nxd4 Nf6 5. Nc3 e5 6. Ndb5 d6 7. Bg5 a6 8. Na3 b5 9. Bxf6 gxf6 10. Nd5 Bg7 11. c3 f5 12. exf5 Bxf5 13. Be2 0-0 14. 0-0 Ne7 15. Bf3 e4 16. Re1 Nxd5 17. Qxd5 exf3 18. Qxf5 b4 19. cxb4 Bxb2 20. Rab1 Qf6 21. Qxf6 Bxf6 22. Re3 fxg2 23. Rd1 1/2-1/2

[Event "POL-ch U20 Girls"]
[Site "Trzebinia"]
[Date "2000.??.??"]
[Round "?"]
[White "Szymanowska, Karolina"]
[Black "Szymanska, Maria"]
[Result "1/2-1/2"]
[WhiteElo "2119"]
[BlackElo "2073"]
[PlyCount "169"]
[EventDate "2000.04.??"]
[EventType "tourn"]
[EventRounds "11"]
[EventCountry "POL"]
[SourceTitle "EXT 2005"]
[Source "ChessBase"]
[SourceDate "2004.11.15"]
[SourceVersion "1"]
[SourceVersionDate "2004.11.15"]
[SourceQuality "1"]

1. e4 d5 2. exd5 Qxd5 3. d4 Nf6 4. Nc3 Qa5 5. Nf3 Bf5 6. Bd2 c6 7. Bc4 e6 8. Bb3 Nbd7 9. Qe2 Bb4 10. 0-0 0-0 11. a3 Bxc3 12. Bxc3 Qc7 13. Ne5 Nd5 14. Bd2 Rfd8 15. c4 N5f6 16. Bc3 Ne4 17. Nxd7 Rxd7 18. Bc2 Nxc3 19. bxc3 Bxc2 20. Qxc2 c5 21. Rfd1 Rad8 22. Qd3 cxd4 23. cxd4 Qd6 24. Qb3 Qb6 25. Qxb6 axb6 26. d5 exd5 27. cxd5 Rxd5 28. Rdb1 Kf8 29. g3 b5 30. Kg2 Rc8 31. Rb2 Rc3 32. a4 bxa4 33. Rxa4 Rc7 34. Rab4 Rdd7 35. Re2 f6 36. Kf3 Kf7 37. Kg2 Re7 38. Rd2 Ke8 39. Rh4 h6 40. Rb4 Red7 41. Rdb2 Kd8 42. h4 Kc8 43. Kh3 Rd5 44. Kg2 Rdc5 45. R2b3 Rc2 46. Ra4 R2c5 47. Rab4 Ra5 48. Rb2 Ra7 49. Re4 Kd8 50. Reb4 Rd7 51. R4b3 Kc8 52. Re3 Ra6 53. Reb3 Kb8 54. Rb5 Ka7 55. R5b4 b6 56. Kh3 Rb7 57. Kg4 Ra5 58. Kf4 Ka6 59. Ke4 b5 60. Kd5 Ra4 61. R4b3 b4 62. Kc6 Rb8 63. Kc7 Rb5 64. Kd6 Kb6 65. Rb1 Ka5 66. Re3 Ra3 67. Re7 Rd3+ 68. Kc6 b3 69. Ra1+ Kb4 70. Re4+ Kc3 71. Kxb5 b2 72. Rc4+ Kb3 73. Rb4+ Kc2 74. Ra2 Rb3 75. Kc4 Rxb4+ 76. Kxb4 Kc1 77. Rxb2 Kxb2 78. Kc4 Kc2 79. Kd5 Kd3 80. Ke6 Ke2 81. Kf7 Kxf2 82. Kxg7 Kxg3 83. Kxf6 Kxh4 84. Kf5 h5 85. Kf4 1/2-1/2

[Event "POL-ch U18 Girls"]
[Site "Wisla"]
[Date "2000.??.??"]
[Round "10"]
[White "Szymanowska, Karolina"]
[Black "Zembrzuska, Monika"]
[Result "1-0"]
[WhiteElo "2119"]
[BlackElo "2106"]
[PlyCount "53"]
[EventDate "2000.02.26"]
[EventType "swiss"]
[EventRounds "10"]
[EventCountry "POL"]
[SourceTitle "EXT 2005"]
[Source "ChessBase"]
[SourceDate "2004.11.15"]
[SourceVersion "1"]
[SourceVersionDate "2004.11.15"]
[SourceQuality "1"]

1. d4 d5 2. e3 Nf6 3. Bd3 Nbd7 4. f4 c5 5. c3 e6 6. Nf3 Be7 7. Nbd2 c4 8. Bc2 b5 9. Ne5 Bb7 10. Qf3 b4 11. 0-0 Qa5 12. e4 0-0 13. exd5 Bxd5 14. Qh3 Rfd8 15. Ndxc4 Qc7 16. Nxd7 Qxd7 17. Ne5 Qb7 18. c4 Bc6 19. Be3 g6 20. Rad1 Rac8 21. b3 Qa6 22. f5 exf5 23. Bxf5 Rc7 24. d5 Bd7 25. Bxd7 Nxd7 26. Rxf7 Nf8 27. Qh6 1-0

[Event "POL-chT2 South U19"]
[Site "Rudnik"]
[Date "2000.??.??"]
[Round "8.5"]
[White "Zimny, Joanna"]
[Black "Szymanowska, Karolina"]
[Result "0-1"]
[WhiteElo "2132"]
[BlackElo "2102"]
[PlyCount "64"]
[EventDate "2000.07.20"]
[EventType "team-swiss"]
[EventRounds "10"]
[EventCountry "POL"]
[SourceTitle "EXT 2005"]
[Source "ChessBase"]
[SourceDate "2004.11.15"]
[SourceVersion "1"]
[SourceVersionDate "2004.11.15"]
[SourceQuality "1"]
[WhiteTeam "Wisla Strumien U19"]
[BlackTeam "Jasien LKS ZPD U19"]
[WhiteTeamCountry "POL"]
[BlackTeamCountry "POL"]

1. d4 Nf6 2. Nf3 g6 3. Bf4 Bg7 4. e3 c5 5. c3 d5 6. h3 0-0 7. Be2 b6 8. Nbd2 Bb7 9. 0-0 Nc6 10. Bd3 Nd7 11. e4 dxe4 12. Bxe4 Rc8 13. Re1 cxd4 14. Nxd4 Nc5 15. Nxc6 Bxc6 16. Bxc6 Rxc6 17. Qf3 Rf6 18. Red1 e5 19. Bg5 Rxf3 20. Bxd8 Rd3 21. Be7 Rc8 22. Nb3 e4 23. f3 Na4 24. fxe4 Nxb2 25. Rxd3 Nxd3 26. Rd1 Rxc3 27. Kf1 h6 28. Rd2 Be5 29. Ba3 a5 30. Rd1 a4 31. Nc1 Rxa3 32. Nxd3 Bc3 0-1

[Event "MK Cafe Cup-B"]
[Site "Koszalin"]
[Date "1999.08.11"]
[Round "8"]
[White "Szymanski, Marcin"]
[Black "Szymanowska, Karolina"]
[Result "1-0"]
[WhiteElo "2327"]
[BlackElo "2148"]
[PlyCount "69"]
[EventDate "1999.08.03"]
[EventType "swiss"]
[EventRounds "10"]
[EventCountry "POL"]
[SourceTitle "EXT 2000"]
[Source "ChessBase"]
[SourceDate "1999.11.16"]
[SourceVersion "1"]
[SourceVersionDate "1999.11.16"]
[SourceQuality "1"]

1. d4 g6 2. Nf3 Nf6 3. g3 Bg7 4. Bg2 0-0 5. 0-0 c5 6. dxc5 Na6 7. Be3 Qc7 8. Nc3 Nxc5 9. Nb5 Qb6 10. a4 Ng4 11. Bd4 e5 12. Bxc5 Qxc5 13. Nd2 Nf6 14. Nb3 Qe7 15. Qd6 Qxd6 16. Nxd6 Rb8 17. Nd2 b6 18. b4 Rd8 19. Rad1 Bf8 20. N2c4 Ne8 21. Nxe8 Rxe8 22. b5 Bc5 23. Nd6 Bxd6 24. Rxd6 Kf8 25. Rfd1 Re6 26. R6d3 Ke7 27. g4 f6 28. Rh3 Rd6 29. Rxh7+ Ke6 30. Rxd6+ Kxd6 31. Rh6 Bb7 32. Rxg6 Bxg2 33. Kxg2 Ke7 34. Rg7+ Ke6 35. h4 1-0

[Event "POL-ch (Women)"]
[Site "Wroclaw"]
[Date "1999.??.??"]
[Round "?"]
[White "Socko, Monika"]
[Black "Szymanowska, Karolina"]
[Result "1-0"]
[WhiteElo "2440"]
[BlackElo "2120"]
[PlyCount "81"]
[EventDate "1999.03.14"]
[EventType "tourn"]
[EventRounds "11"]
[EventCountry "POL"]
[SourceTitle "EXT 2002"]
[Source "ChessBase"]
[SourceDate "2001.11.25"]
[SourceVersion "1"]
[SourceVersionDate "2001.11.25"]
[SourceQuality "1"]

1. d4 Nf6 2. Nf3 g6 3. c4 Bg7 4. Nc3 d5 5. Qb3 dxc4 6. Qxc4 0-0 7. Bf4 Na6 8. e4 c5 9. dxc5 Qa5 10. e5 Nd7 11. a3 Qxc5 12. Nd5 Re8 13. Rd1 Qxc4 14. Bxc4 e6 15. Nc3 Nc7 16. Nb5 Nxb5 17. Bxb5 Re7 18. Bg5 Kf8 19. 0-0 a6 20. Bxe7+ Kxe7 21. Bxd7 Bxd7 22. Rfe1 Bc6 23. Nd4 Bd5 24. f4 h5 25. f5 Bh6 26. f6+ Ke8 27. Ne2 Be3+ 28. Kh1 Bf2 29. Rf1 Bb6 30. Rc1 h4 31. b3 Rd8 32. Rfd1 Be3 33. Rc3 Bb6 34. Rdd3 Rb8 35. Rd2 Bc6 36. Rc4 g5 37. Rg4 Kf8 38. Rxg5 Be3 39. Rh5 Kg8 40. Rc2 Be4 41. Rc4 1-0

[Event "POL-ch U20 Girls"]
[Site "Trzebinia"]
[Date "1999.??.??"]
[Round "?"]
[White "Szymanowska, Karolina"]
[Black "Jurkiewicz, Katarzyna"]
[Result "0-1"]
[WhiteElo "2113"]
[BlackElo "2170"]
[PlyCount "80"]
[EventDate "1999.??.??"]
[EventType "tourn"]
[EventRounds "11"]
[EventCountry "POL"]
[SourceTitle "EXT 2000"]
[Source "ChessBase"]
[SourceDate "1999.11.16"]
[SourceVersion "1"]
[SourceVersionDate "1999.11.16"]
[SourceQuality "1"]

1. e4 c5 2. Nf3 d6 3. d4 cxd4 4. Nxd4 Nf6 5. Nc3 Bd7 6. Bc4 e6 7. 0-0 Be7 8. f4 Nc6 9. Bb3 0-0 10. Be3 a6 11. a4 Na5 12. Ba2 Qc7 13. Qe2 Rac8 14. Rad1 Nc4 15. Bc1 b5 16. axb5 axb5 17. Kh1 b4 18. Nb1 d5 19. e5 Ne4 20. c3 bxc3 21. Nxc3 Nxc3 22. bxc3 f6 23. Rfe1 Qa5 24. exf6 Bxf6 25. Nxe6 Rfe8 26. f5 Bxc3 27. Rf1 Nb6 28. Bb1 Qb4 29. Bd3 Ba4 30. f6 Bxf6 31. Qh5 Rxe6 32. Bf5 Rce8 33. Qxh7+ Kf8 34. Bxe6 Rxe6 35. Bd2 Qe4 36. Qh8+ Kf7 37. Rde1 Qd3 38. Qh5+ Kg8 39. Rg1 Rxe1 40. Rxe1 Qxd2 0-1